Verzeichniß derjenigen Bücher aus allen Wissenschaften, welche in den Monaten ... ganz neu, oder in neuen Auflagen erschienen sind Wissenschaftlich geordnet, mit Angabe der Ladenpreise und Verleger, und bei Fortseßungen mit Nachweisung über das früher schon Erschienene versehen

Bibliographic Details
Previous Title:Walther'sche Hofbuchhandlung (Dresden): Monatliches Verzeichniß neuer Bücher, welche um beygesetzte Preiße in der Waltherschen Hofbuchhandlung zu haben sind
Format: Journal
Language:German
PhysicalDescription:18 cm
Published: [Dresden] [Walther] 1826-[1844]
Subjects:

MARC

LEADER 00000nas a2200000 4500
001 vtls012289760
003 SK-MaSNL
005 20260228160540.0
008 260115d18261844gw qr p 000 b0ger
015 |a SNBHFB 
040 |a SNKHF  |b slo  |c SNKHF  |e rda 
041 0 |a ger 
044 |a gw  |c DE 
072 7 |a 02  |x Knihovníctvo. Informatika  |2 konspekt 
080 |a (051)-048.55  |2 2011 
080 |a 02  |x Knihovníctvo. Informatika  |2 konspekt 
245 0 0 |a Verzeichniß derjenigen Bücher aus allen Wissenschaften, welche in den Monaten ... ganz neu, oder in neuen Auflagen erschienen sind  |b Wissenschaftlich geordnet, mit Angabe der Ladenpreise und Verleger, und bei Fortseßungen mit Nachweisung über das früher schon Erschienene versehen 
264 1 |a [Dresden]  |b [Walther]  |c 1826-[1844] 
300 |c 18 cm 
310 |a 4x ročne 
336 |a text  |b txt  |2 rdacontent 
337 |a bez média  |b n  |2 rdamedia 
338 |a zväzok  |b nc  |2 rdacarrierr 
362 0 |a Rok 1826(1826/27)-[rok 1844]  |z ZDB/2026 
500 |a Editor: Johann Friedrich Leich 
500 |a Register v samostatnom čísle 
546 |a Nemčina  |b Fraktúra 
561 |a Proveniencia: pečiatka Dr. E. Kadarász - ver. not. poz. Margity Zayovej Čís. 14299.  |5 SNK ČD 2639/1826 
650 0 7 |a knihovníctvo  |2 SNKPH  |9 1557 
655 7 |a špecializované časopisy  |2 SNKPH  |9 70509 
700 1 |a Walther  |4 pbl  |9 266867 
752 |a Nemecko  |d Drážďany 
780 0 0 |t Walther'sche Hofbuchhandlung (Dresden): Monatliches Verzeichniß neuer Bücher, welche um beygesetzte Preiße in der Waltherschen Hofbuchhandlung zu haben sind 
852 |a snk  |b Zaiova knižnica: Zay 13225  |p ČD 2639/1826 
958 |a DF 
999 |c 2933  |d 4863 
952 |0 0  |1 0  |4 0  |7 0  |8 5  |a SNK  |b SNK  |c SNK_HF  |d 2026-01-15  |i snk2026/572  |l 0  |o snkČD 2639/1826  |p 17A1569821  |r 2026-02-21 22:34:48  |t Zay 13225  |w 2026-02-21  |y PREZ